000 00757nam a2200229Ia 4500
003 OSt
005 20220923221544.0
006 a|||||r|||| 00| 0
007 ta
008 220922b |||||||| |||| 00| 0 hin d
024 _a198,139
037 _cTextual
040 _aARTS
_cARTS
_bhin
041 _2hin
_ahin
082 _aP15201, 152L3
100 _aशुक्ल, कैलाश नाथ
245 0 _aपश्चिमी हिन्दी बोलियों की व्याकरणिक कोटियां
246 _aPashchimī hindī boliyoan kī vyākaraṇik koṭiyāan
260 _c1973
942 _hP15201, 152L3
_cTEXL
_2CC
999 _c350001
_d350001